000 00491nam a2200217Ia 4500
008 210210b1947 xxu||||| |||| 00| 0 eng d
041 _aeng
082 _a960/88
100 _a-
245 _aIAS statistics from 1947 to date
260 _aNew Delhi
_bThe Careers Institute Publication
_c1947
300 _a52
650 _ato
650 _astatistics
650 _aIAS
650 _afrom
650 _adate
650 _a1947
690 _aGeneral Knowledge
906 _a002372
999 _c121790
_d121790